[Event "DEM U12/U12w 2004"]
[Site "Willingen GER"]
[Date "2004.06.01"]
[Round "5"]
[White "Heimann, Andreas"]
[Black "Huschenbeth, Niclas"]
[Result "1/2-1/2"]
[Termination "normal"]
[Board "1"]
[WhiteElo "1808"]
[BlackElo "2100"]
[PlyCount "82"]
[WhiteFideId "24624632"]
[BlackFideId "24604747"]
[EventCountry "GER"]
[EventRounds "11"]
[EventType "swiss"]
[EventDate "2004.05.29"]

1. e4 c5 2. Nf3 d6 3. d4 cxd4 4. Nxd4 Nf6 5. Nc3 Nc6 6. g3 Bg4 7. f3 Nxd4 8.
Qxd4 Bd7 9. Bg2 e6 10. Be3 Qc7 11. O-O Be7 12. Rae1 O-O 13. Qd1 b5 14. g4 b4
15. Nb1 Ba4 16. Rf2 h6 17. f4 Rac8 18. b3 Bc6 19. Bc1 Nh7 20. g5 hxg5 21. fxg5
Nxg5 22. Qh5 Nh7 23. Re3 Nf6 24. Qe2 Qa5 25. Bb2 Qh5 26. Bf3 Qh4 27. Rg2 Bb7
28. Bg4 Ba6 29. Qxa6 Nxg4 30. Reg3 d5 31. Bxg7 Bc5+ 32. Kh1 Nf2+ 33. Rxf2 Bxf2
34. Bf6+ Bxg3 35. Bxh4 Bxh4 36. Qxa7 Bf6 37. Qf2 Bg7 38. exd5 exd5 39. Qd2 Rfe8
40. a3 bxa3 41. Nxa3 Ra8 1/2-1/2

[Event "DEM U12/U12w 2004"]
[Site "Willingen GER"]
[Date "2004.06.01"]
[Round "5"]
[White "Mihok, Oliver"]
[Black "Jussupow, Alexander"]
[Result "1-0"]
[Termination "normal"]
[Board "2"]
[WhiteElo "2074"]
[BlackElo "1715"]
[PlyCount "115"]
[WhiteFideId "728012"]
[BlackFideId "24613509"]
[EventCountry "GER"]
[EventRounds "11"]
[EventType "swiss"]
[EventDate "2004.05.29"]

1. e4 e5 2. Nf3 Nf6 3. Nxe5 d6 4. Nf3 Nxe4 5. Nc3 Nxc3 6. dxc3 Be7 7. Be3 Nc6
8. Qd2 Bf5 9. O-O-O O-O 10. Bc4 Na5 11. Be2 Be6 12. Kb1 c5 13. Ng5 b5 14. Nxe6
fxe6 15. Bg4 e5 16. Qd5+ Kh8 17. Bf3 Rb8 18. h4 b4 19. c4 Qe8 20. Qd3 Nc6 21.
Be4 a5 22. Bxh7 a4 23. Bg6 Qc8 24. Qe2 Rf5 25. Bxf5 Qxf5 26. g4 Qh7 27. Qd3 b3
28. Qxh7+ Kxh7 29. cxb3 axb3 30. a3 Nd4 31. Bxd4 cxd4 32. Rh3 Rf8 33. Rxb3 Rxf2
34. a4 Bd8 35. Ra3 Ba5 36. Rb3 Bd2 37. Rd3 Ba5 38. Rb3 Bd2 39. Rb6 e4 40. Rxd6
d3 41. Rd4 e3 42. Rxd3 Rf4 43. b3 Rxg4 44. R3xd2 exd2 45. Rxd2 Rxh4 46. a5 Rh3
47. Kc2 Rh5 48. Rd5 Rh6 49. b4 Ra6 50. c5 Rh6 51. b5 Rh2+ 52. Kc3 Ra2 53. a6
Ra5 54. Kb4 Ra1 55. c6 Rb1+ 56. Kc5 g5 57. Rxg5 Rc1+ 58. Kb6 1-0

[Event "DEM U12/U12w 2004"]
[Site "Willingen GER"]
[Date "2004.06.01"]
[Round "5"]
[White "Hobusch, Alexander"]
[Black "Graf, Felix"]
[Result "0-1"]
[Termination "normal"]
[Board "3"]
[WhiteElo "1735"]
[BlackElo "2056"]
[PlyCount "56"]
[WhiteFideId "24611387"]
[BlackFideId "24608904"]
[EventCountry "GER"]
[EventRounds "11"]
[EventType "swiss"]
[EventDate "2004.05.29"]

1. d4 d5 2. Nf3 Nf6 3. c4 c6 4. e3 e6 5. Nbd2 Nbd7 6. b3 Bd6 7. Bb2 Ne4 8. Bd3
Ndf6 9. Qc2 Nxd2 10. Nxd2 O-O 11. f4 Ng4 12. Nf1 f5 13. O-O-O a5 14. h3 Nf6 15.
g4 Ne4 16. Bxe4 fxe4 17. Qg2 b6 18. Qc2 Qe7 19. Nd2 Ba6 20. Kb1 c5 21. Ka1 a4
22. cxd5 Bd3 23. Qc3 exd5 24. Rc1 axb3 25. Qxb3 c4 26. Qxb6 Rxa2+ 27. Kxa2 Ra8+
28. Ba3 Bxa3 0-1

[Event "DEM U12/U12w 2004"]
[Site "Willingen GER"]
[Date "2004.06.01"]
[Round "5"]
[White "Korman, Maxim"]
[Black "Mazarov, Jürgen"]
[Result "0-1"]
[Termination "normal"]
[Board "4"]
[WhiteElo "1719"]
[BlackElo "1743"]
[PlyCount "112"]
[WhiteFideId "24619787"]
[BlackFideId "24617768"]
[EventCountry "GER"]
[EventRounds "11"]
[EventType "swiss"]
[EventDate "2004.05.29"]

1. e4 e5 2. Bc4 Nf6 3. d3 Bc5 4. Nf3 d6 5. O-O O-O 6. c3 Bg4 7. Bg5 Nbd7 8.
Nbd2 c6 9. Qc2 Qc7 10. d4 Bb6 11. Bd3 h6 12. Bh4 Rfe8 13. Rfe1 Bh5 14. Bg3 Rad8
15. h3 Bg6 16. Rad1 a6 17. Nc4 Bh5 18. Nxb6 Qxb6 19. Be2 exd4 20. Nxd4 Bxe2 21.
Rxe2 d5 22. e5 Ne4 23. Rde1 Nxg3 24. fxg3 Nc5 25. Kh2 Ne4 26. Nf3 Re6 27. Nd2
Nxd2 28. Rxd2 Rde8 29. Qf5 Qc7 30. Rf2 Rxe5 31. Rxe5 Rxe5 32. Qf3 Re6 33. Re2
Rxe2 34. Qxe2 Kf8 35. Qd3 Kg8 36. Qe3 Qd8 37. Qa7 Qc7 38. Qe3 c5 39. Qe8+ Kh7
40. Qe3 Qd6 41. Qd3+ g6 42. Qf3 Kg7 43. c4 d4 44. Qd3 h5 45. Kg1 Qe5 46. a3
Qe1+ 47. Kh2 Qe3 48. Qc2 d3 49. Qc3+ Kg8 50. Qb3 Qe2 51. Qxb7 d2 52. Qxa6 d1=Q
53. Qc8+ Kg7 54. Qxc5 Qee1 55. g4 hxg4 56. hxg4 Qh4# 0-1

[Event "DEM U12/U12w 2004"]
[Site "Willingen GER"]
[Date "2004.06.01"]
[Round "5"]
[White "Schrödter, Thomas"]
[Black "Zelbel, Patrick"]
[Result "0-1"]
[Termination "normal"]
[Board "5"]
[WhiteElo "1827"]
[BlackElo "1618"]
[PlyCount "86"]
[BlackFideId "24624322"]
[EventCountry "GER"]
[EventRounds "11"]
[EventType "swiss"]
[EventDate "2004.05.29"]

1. d4 Nf6 2. c4 g6 3. Nc3 Bg7 4. e4 d6 5. Be2 O-O 6. Nf3 e5 7. O-O Nc6 8. d5
Ne7 9. Bd2 Ne8 10. Ne1 f5 11. f3 f4 12. Nd3 g5 13. Qc2 h5 14. Nf2 Rf7 15. b4
Bf8 16. c5 Rg7 17. cxd6 cxd6 18. h3 Nf6 19. Qd1 g4 20. fxg4 hxg4 21. Nxg4 Nxg4
22. Bxg4 Bxg4 23. hxg4 Qd7 24. Rf3 Qxg4 25. Qe2 Rh7 26. Rc1 Ng6 27. Be1 Be7 28.
Nd1 Qh5 29. Qf1 Qh2+ 30. Kf2 Bh4+ 31. Ke2 Bxe1 32. Kxe1 Nh4 33. Rf2 Rg7 34.
Rcc2 Rg3 35. a4 Rf8 36. a5 Rf7 37. Rc1 Kg7 38. Rcc2 Kh6 39. Rc8 Rxg2 40. Rh8+
Rh7 41. Rg8 Rhg7 42. Rh8+ Kg5 43. Rxh4 Kxh4 0-1

[Event "DEM U12/U12w 2004"]
[Site "Willingen GER"]
[Date "2004.06.01"]
[Round "5"]
[White "Nuber, Blasius"]
[Black "Dorn, Carina"]
[Result "0-1"]
[Termination "normal"]
[Board "6"]
[WhiteElo "1763"]
[BlackElo "1573"]
[PlyCount "74"]
[WhiteFideId "24620289"]
[BlackFideId "24666335"]
[EventCountry "GER"]
[EventRounds "11"]
[EventType "swiss"]
[EventDate "2004.05.29"]

1. e4 e6 2. d4 d5 3. e5 c5 4. c3 Nc6 5. Nf3 Qb6 6. a3 cxd4 7. cxd4 Nge7 8. b4
Nf5 9. Bb2 Bd7 10. Nc3 Nfxd4 11. Nxd4 Nxd4 12. Nxd5 Qc6 13. Nf6+ gxf6 14. Qxd4
f5 15. Rc1 Qa4 16. Be2 Bc6 17. O-O Bg7 18. Rfd1 O-O 19. Qh4 Rfc8 20. Qg5 Be4
21. Qe7 Rc2 22. Rd8+ Rxd8 23. Qxd8+ Bf8 24. Qg5+ Kh8 25. Bh5 Qd7 26. Rxc2 Bxc2
27. Qe3 a6 28. Bf3 Bd1 29. Be2 Bxe2 30. Qxe2 b5 31. Qf3 Qd2 32. h3 Qxb2 33. Qa8
Kg8 34. Qxa6 Qxe5 35. a4 bxa4 36. b5 Bd6 37. b6 Qe1+ 0-1

[Event "DEM U12/U12w 2004"]
[Site "Willingen GER"]
[Date "2004.06.01"]
[Round "5"]
[White "Gadschisade, Machmud"]
[Black "Schmitt, Philipp"]
[Result "1-0"]
[Termination "normal"]
[Board "7"]
[WhiteElo "1605"]
[BlackElo "1691"]
[PlyCount "117"]
[WhiteFideId "4647734"]
[BlackFideId "24641766"]
[EventCountry "GER"]
[EventRounds "11"]
[EventType "swiss"]
[EventDate "2004.05.29"]

1. e4 e6 2. d4 d5 3. exd5 exd5 4. Bd3 Nc6 5. c3 Bd6 6. Qf3 Be6 7. Ne2 Qd7 8. h3
O-O-O 9. O-O Nge7 10. Nf4 h6 11. Nxe6 Qxe6 12. Bf4 Bxf4 13. Qxf4 g5 14. Qe3 Qd7
15. Kh2 Rhg8 16. g3 g4 17. h4 Qd6 18. b4 Kb8 19. a4 Rde8 20. Qc1 Ng6 21. Kg2
Qe6 22. Qxh6 Rh8 23. Qg5 Reg8 24. Qe3 Qf6 25. Bxg6 fxg6 26. f3 Re8 27. Qd3
gxf3+ 28. Qxf3 Qd6 29. Nd2 Ne7 30. Rae1 Nf5 31. Qf4 Qxf4 32. Rxe8+ Rxe8 33.
Rxf4 Re2+ 34. Rf2 Ne3+ 35. Kf3 Rxf2+ 36. Kxf2 Nd1+ 37. Kf3 Nxc3 38. g4 b5 39.
a5 Na2 40. h5 gxh5 41. gxh5 Nxb4 42. h6 Nc2 43. h7 Nxd4+ 44. Kf2 Nc6 45. a6 Kc8
46. h8=Q+ Kd7 47. Nb3 Nb4 48. Qf6 Na2 49. Nc5+ Ke8 50. Qb2 c6 51. Qxa2 Ke7 52.
Qb3 b4 53. Qxb4 d4 54. Qxd4 Kf7 55. Qd6 Kg7 56. Ne4 c5 57. Qf6+ Kh7 58. Ng5+
Kg8 59. Qf7+ 1-0

[Event "DEM U12/U12w 2004"]
[Site "Willingen GER"]
[Date "2004.06.01"]
[Round "5"]
[White "Kordts, Florian"]
[Black "Giesler, Julius"]
[Result "1-0"]
[Termination "normal"]
[Board "8"]
[WhiteElo "1669"]
[BlackElo "1394"]
[PlyCount "79"]
[WhiteFideId "24626856"]
[EventCountry "GER"]
[EventRounds "11"]
[EventType "swiss"]
[EventDate "2004.05.29"]

1. c4 c5 2. Nc3 Nf6 3. g3 d5 4. cxd5 Nxd5 5. Bg2 Nc7 6. Nf3 Nc6 7. O-O e5 8. d3
Be7 9. Be3 O-O 10. Ne4 b6 11. Rb1 Bg4 12. a3 Qd7 13. Re1 f6 14. Qa4 Kh8 15.
Rec1 Ne6 16. b4 Ned4 17. Bxd4 Nxd4 18. Qxd7 Bxd7 19. Nxd4 exd4 20. bxc5 Rac8
21. cxb6 axb6 22. Rxc8 Rxc8 23. h4 b5 24. Nd2 Rc2 25. Nb3 Rxe2 26. Nxd4 Re5 27.
Bc6 Bxa3 28. Bxd7 Rd5 29. Rxb5 Rxb5 30. Nxb5 Be7 31. d4 Kg8 32. Be6+ Kf8 33. d5
Ke8 34. Bh3 Bc5 35. d6 g6 36. Nc7+ Kd8 37. Ne6+ Kd7 38. Nxc5+ Kxd6 39. Ne6 f5
40. Nf8 1-0

[Event "DEM U12/U12w 2004"]
[Site "Willingen GER"]
[Date "2004.06.01"]
[Round "5"]
[White "Fischer, Thomas"]
[Black "Colpe, Malte"]
[Result "1/2-1/2"]
[Termination "normal"]
[Board "10"]
[WhiteElo "2041"]
[BlackElo "1520"]
[PlyCount "62"]
[WhiteFideId "4683277"]
[BlackFideId "24623075"]
[EventCountry "GER"]
[EventRounds "11"]
[EventType "swiss"]
[EventDate "2004.05.29"]

1. Nf3 Nf6 2. c4 c6 3. g3 d5 4. Bg2 e6 5. O-O Bd6 6. d3 O-O 7. Nc3 Nbd7 8. Qc2
Qc7 9. e4 dxe4 10. dxe4 Ne5 11. Nxe5 Bxe5 12. Rd1 Bd6 13. Bg5 Ne8 14. Be3 e5
15. c5 Be7 16. b4 Be6 17. b5 Rc8 18. b6 axb6 19. cxb6 Qb8 20. a4 Nd6 21. a5 Nc4
22. a6 Nxe3 23. fxe3 bxa6 24. Rdb1 Bc4 25. Na4 Bb5 26. Kh1 Rfd8 27. Bh3 Bd3 28.
Qg2 Bxb1 29. Rxb1 Rc7 30. Qf1 Rb7 31. Qxa6 g6 1/2-1/2

[Event "DEM U12/U12w 2004"]
[Site "Willingen GER"]
[Date "2004.06.01"]
[Round "5"]
[White "Lobmeyer, Fabian"]
[Black "Strunski, Andreas"]
[Result "1/2-1/2"]
[Termination "normal"]
[Board "11"]
[WhiteElo "1522"]
[BlackElo "1942"]
[PlyCount "21"]
[WhiteFideId "24659681"]
[BlackFideId "24606073"]
[EventCountry "GER"]
[EventRounds "11"]
[EventType "swiss"]
[EventDate "2004.05.29"]

1. d4 Nf6 2. Nf3 g6 3. c4 Bg7 4. Nc3 O-O 5. Bf4 d6 6. e3 Nbd7 7. Be2 Re8 8. h3
e5 9. dxe5 dxe5 10. Nxe5 Nh5 11. Bxh5 1/2-1/2

[Event "DEM U12/U12w 2004"]
[Site "Willingen GER"]
[Date "2004.06.01"]
[Round "5"]
[White "Kachibadze, Georg"]
[Black "Specht, Christian"]
[Result "1-0"]
[Termination "normal"]
[Board "12"]
[WhiteElo "1865"]
[BlackElo "1471"]
[PlyCount "81"]
[WhiteFideId "24640794"]
[BlackFideId "24647985"]
[EventCountry "GER"]
[EventRounds "11"]
[EventType "swiss"]
[EventDate "2004.05.29"]

1. e4 c5 2. Nf3 Nc6 3. d4 cxd4 4. Nxd4 Nf6 5. Nc3 e5 6. Ndb5 d6 7. Bg5 a6 8.
Na3 b5 9. Bxf6 gxf6 10. Nd5 f5 11. g3 fxe4 12. Bg2 Bf5 13. f3 Be6 14. fxe4 Bg7
15. O-O O-O 16. Qh5 Bxd5 17. exd5 Ne7 18. Be4 Ng6 19. c3 Rc8 20. Nc2 a5 21. Ne3
Qb6 22. Rae1 b4 23. cxb4 Qxb4 24. Nf5 Rc7 25. b3 Rd7 26. h4 a4 27. Nxg7 Kxg7
28. Qf5 Rfd8 29. h5 axb3 30. axb3 Qxb3 31. Rf3 Qb2 32. Qf6+ Kg8 33. hxg6 hxg6
34. Bxg6 fxg6 35. Qxg6+ Rg7 36. Qe6+ Kh8 37. Qh6+ Kg8 38. Qe6+ Kh8 39. Ref1
Qd4+ 40. Kg2 Qg4 41. Rh1+ 1-0

[Event "DEM U12/U12w 2004"]
[Site "Willingen GER"]
[Date "2004.06.01"]
[Round "5"]
[White "Tkachuk, Konstantyn"]
[Black "Völsgen, Georg"]
[Result "1-0"]
[Termination "normal"]
[Board "13"]
[WhiteElo "1814"]
[BlackElo "1456"]
[PlyCount "35"]
[WhiteFideId "24647330"]
[BlackFideId "24635901"]
[EventCountry "GER"]
[EventRounds "11"]
[EventType "swiss"]
[EventDate "2004.05.29"]

1. e4 e5 2. Nf3 Nc6 3. Bc4 Bc5 4. b4 Bxb4 5. c3 Bc5 6. d4 exd4 7. O-O Nge7 8.
cxd4 Bb6 9. Ng5 d5 10. exd5 Na5 11. d6 Nxc4 12. Qa4+ c6 13. Qxc4 Nd5 14. Re1+
Kf8 15. Nc3 Qxd6 16. a4 Bf5 17. Ba3 c5 18. dxc5 1-0

[Event "DEM U12/U12w 2004"]
[Site "Willingen GER"]
[Date "2004.06.01"]
[Round "5"]
[White "Jorczik, Julian"]
[Black "Weber, Raphael"]
[Result "1-0"]
[Termination "normal"]
[Board "14"]
[WhiteElo "1792"]
[BlackElo "1471"]
[PlyCount "79"]
[WhiteFideId "24611719"]
[BlackFideId "24644110"]
[EventCountry "GER"]
[EventRounds "11"]
[EventType "swiss"]
[EventDate "2004.05.29"]

1. d4 Nf6 2. c4 c5 3. d5 e5 4. Nc3 d6 5. e4 g6 6. f3 Bg7 7. Be3 O-O 8. Nge2 a6
9. g4 Nbd7 10. Ng3 b6 11. h4 Re8 12. Be2 Kf8 13. Qd2 Ng8 14. h5 Ke7 15. hxg6
hxg6 16. Rh7 Bf8 17. Bg5+ Ngf6 18. f4 Qc7 19. fxe5 dxe5 20. d6+ Qxd6 21. Nd5+
Kd8 22. Bxf6+ Nxf6 23. Nxf6 Qxd2+ 24. Kxd2 Re7 25. Rd1 Bb7 26. Ke3+ Kc8 27. g5
Bc6 28. Bg4+ Kb7 29. Nd5 Ree8 30. Rxf7+ Kb8 31. Nf6 Re7 32. Rxf8+ Kb7 33. Rxa8
Kxa8 34. Bd7 Bb7 35. Rd6 Ka7 36. Bc6 Bc8 37. Rd8 Rc7 38. Bd7 Bxd7 39. Rxd7 Rxd7
40. Nxd7 1-0

[Event "DEM U12/U12w 2004"]
[Site "Willingen GER"]
[Date "2004.06.01"]
[Round "5"]
[White "Mohr, Fides"]
[Black "Endress, Anna"]
[Result "1-0"]
[Termination "normal"]
[Board "16"]
[WhiteElo "1389"]
[BlackElo "1755"]
[PlyCount "57"]
[BlackFideId "24629472"]
[EventCountry "GER"]
[EventRounds "11"]
[EventType "swiss"]
[EventDate "2004.05.29"]

1. d4 d5 2. c4 e6 3. Nc3 Nf6 4. cxd5 exd5 5. Qc2 Be7 6. Bg5 O-O 7. e3 Nbd7 8.
Bd3 c6 9. Nge2 h6 10. h4 Ne8 11. Bxe7 Qxe7 12. g4 Nd6 13. Ng3 b5 14. g5 b4 15.
Nce2 a5 16. gxh6 gxh6 17. Rg1 Kh8 18. Nf4 Ba6 19. Bg6 Rg8 20. Ngh5 Nf6 21.
O-O-O Nxh5 22. Bxh5 a4 23. Qxa4 Rgd8 24. Qc2 Bc8 25. Bxf7 Bf5 26. Ng6+ Bxg6 27.
Qxg6 Qxf7 28. Qxh6+ Qh7 29. Qf6+ 1-0

[Event "DEM U12/U12w 2004"]
[Site "Willingen GER"]
[Date "2004.06.01"]
[Round "5"]
[White "Schäfer, Alexander"]
[Black "Blübaum, Johanna"]
[Result "0-1"]
[Termination "normal"]
[Board "17"]
[WhiteElo "1701"]
[BlackElo "1443"]
[PlyCount "54"]
[WhiteFideId "24615196"]
[BlackFideId "24647373"]
[EventCountry "GER"]
[EventRounds "11"]
[EventType "swiss"]
[EventDate "2004.05.29"]

1. e4 e6 2. d4 d5 3. e5 c5 4. c3 Nc6 5. Nf3 Qb6 6. a3 c4 7. Nbd2 Na5 8. Be2 Bd7
9. O-O Ne7 10. Rb1 Nec6 11. b4 cxb3 12. Nxb3 Nd8 13. Nbd2 Qc7 14. Bb5 Ndc6 15.
Qc2 a6 16. Bd3 b5 17. Bb2 Nc4 18. Nxc4 bxc4 19. Be2 Na5 20. Nd2 Qc6 21. f4 Qa4
22. Qxa4 Bxa4 23. f5 exf5 24. Rxf5 Bc2 25. Rbf1 Bxf5 26. Rxf5 Rb8 27. Bc1 Nb3
0-1

[Event "DEM U12/U12w 2004"]
[Site "Willingen GER"]
[Date "2004.06.01"]
[Round "5"]
[White "Doberitz, Paul"]
[Black "Dinger, Solvejg"]
[Result "1/2-1/2"]
[Termination "normal"]
[Board "19"]
[WhiteElo "1576"]
[BlackElo "1329"]
[PlyCount "133"]
[WhiteFideId "24646130"]
[EventCountry "GER"]
[EventRounds "11"]
[EventType "swiss"]
[EventDate "2004.05.29"]

1. e4 e5 2. Nf3 Nf6 3. Nxe5 d6 4. Nf3 Nxe4 5. d3 Nf6 6. Be2 Be6 7. O-O Be7 8.
Nc3 O-O 9. Bg5 d5 10. d4 h6 11. Bh4 Qd6 12. Nb5 Qb6 13. Bg3 Na6 14. a4 c6 15.
Bc7 Nxc7 16. a5 Qxb5 17. Bxb5 Nxb5 18. c3 Bg4 19. Qc2 Ne4 20. Ne5 Bf5 21. Qe2
f6 22. Nd3 Rfe8 23. f3 Ng5 24. Rfe1 Kf7 25. Nf2 Bd6 26. Qd2 Re6 27. Rxe6 Nxe6
28. Re1 Re8 29. g3 Bc7 30. a6 b6 31. Kg2 Nd6 32. Kf1 Nc4 33. Qe2 Bd6 34. f4 Nc7
35. Qh5+ Bg6 36. Qd1 Ne3+ 37. Rxe3 Rxe3 38. Qg4 Re7 39. f5 Bh7 40. Qh5+ Kf8 41.
g4 Nxa6 42. g5 fxg5 43. f6 Rf7 44. fxg7+ Kxg7 45. Kg1 Bg6 46. Qe2 Nc7 47. Ng4
Bh5 48. h3 c5 49. Qd3 Bxg4 50. hxg4 Rf4 51. Qd1 cxd4 52. cxd4 Ne6 53. Qa4 Rxg4+
54. Kf1 Rf4+ 55. Kg1 Bb8 56. Qd7+ Kf6 57. Qh7 Rxd4 58. Qh8+ Ng7 59. Qxb8 Rd1+
60. Kf2 Rd2+ 61. Ke3 Rxb2 62. Qf8+ Kg6 63. Qd6+ Kh7 64. Qxd5 a5 65. Qd3+ Kh8
66. Qd8+ Kh7 67. Qd3+ 1/2-1/2

[Event "DEM U12/U12w 2004"]
[Site "Willingen GER"]
[Date "2004.06.01"]
[Round "5"]
[White "Vollmer, Jürgen"]
[Black "Spangenberg, Pia"]
[Result "1-0"]
[Termination "normal"]
[Board "20"]
[WhiteElo "1571"]
[BlackElo "1264"]
[PlyCount "119"]
[BlackFideId "4627989"]
[EventCountry "GER"]
[EventRounds "11"]
[EventType "swiss"]
[EventDate "2004.05.29"]

1. Nf3 d5 2. d4 Nf6 3. e3 e6 4. Bd3 Nc6 5. c3 Bd7 6. Nbd2 Bd6 7. O-O O-O 8. e4
dxe4 9. Nxe4 Nxe4 10. Bxe4 Re8 11. Re1 h6 12. Qc2 f5 13. Bd3 Qf6 14. b3 e5 15.
dxe5 Nxe5 16. Nxe5 Bxe5 17. Bb2 Kh8 18. Qd2 Rad8 19. f4 Bd6 20. Qf2 b6 21. c4
Qg6 22. Kh1 Bc6 23. Bf1 Qg4 24. Be5 Bb4 25. Re2 Rd7 26. a3 Bc5 27. Qe1 Rde7 28.
Raa2 h5 29. b4 Bd6 30. Bxd6 Rxe2 31. Rxe2 Rxe2 32. Qxe2 cxd6 33. Qxg4 fxg4 34.
Kg1 g6 35. Kf2 Kg7 36. g3 d5 37. Ke3 dxc4 38. Bxc4 Kf6 39. Kd4 Bb7 40. b5 Bh1
41. Bd5 Bxd5 42. Kxd5 g5 43. fxg5+ Kxg5 44. Kc6 h4 45. Kb7 hxg3 46. hxg3 Kf5
47. Kxa7 Ke4 48. Kxb6 Kf3 49. Ka6 Kxg3 50. b6 Kh3 51. b7 g3 52. b8=Q g2 53. Qg8
Kh2 54. Qxg2+ Kxg2 55. a4 Kf3 56. a5 Ke4 57. Kb7 Kd5 58. a6 Kc5 59. a7 Kb5 60.
a8=Q 1-0

[Event "DEM U12/U12w 2004"]
[Site "Willingen GER"]
[Date "2004.06.01"]
[Round "5"]
[White "Park, Johannes"]
[Black "Eibl, Maximilian"]
[Result "0-1"]
[Termination "normal"]
[Board "21"]
[WhiteElo "1433"]
[BlackElo "1548"]
[PlyCount "120"]
[BlackFideId "24620092"]
[EventCountry "GER"]
[EventRounds "11"]
[EventType "swiss"]
[EventDate "2004.05.29"]

1. d4 d5 2. c4 e6 3. Nc3 Nf6 4. Bg5 Nbd7 5. Nf3 Be7 6. e3 O-O 7. cxd5 exd5 8.
Bd3 c6 9. Rc1 Re8 10. O-O h6 11. Bh4 Ne4 12. Bxe7 Qxe7 13. Bb1 Ndf6 14. h3 Bf5
15. Qe2 Qd6 16. Nxe4 Bxe4 17. Bxe4 Nxe4 18. Ne5 c5 19. Nf3 c4 20. Ne5 Rac8 21.
Rc2 b5 22. Rfc1 b4 23. f3 Ng3 24. Qf2 Nf5 25. Rd1 f6 26. e4 fxe5 27. exf5 a5
28. g4 e4 29. Re2 exf3 30. Qxf3 Rxe2 31. Qxe2 Qg3+ 32. Qg2 Qxg2+ 33. Kxg2 Kf7
34. Rc1 c3 35. b3 Re8 36. Kf3 Re4 37. Rd1 Rxd4 38. Rxd4 c2 39. Rxd5 c1=Q 40.
Rxa5 Qd1+ 41. Kg2 Qe2+ 42. Kg3 Qe3+ 43. Kg2 Qb6 44. Ra4 Kf6 45. Kg3 Ke5 46. Kf3
Kd4 47. Kf4 Qd6+ 48. Kf3 Kd3 49. Ra7 Qd5+ 50. Kg3 Qe5+ 51. Kg2 Qe4+ 52. Kh2
Qe2+ 53. Kh1 Qf1+ 54. Kh2 Qf2+ 55. Kh1 Qxa7 56. Kg2 Qe3 57. h4 Ke2 58. g5 Qf3+
59. Kh2 Kf2 60. g6 Qg2# 0-1

[Event "DEM U12/U12w 2004"]
[Site "Willingen GER"]
[Date "2004.06.01"]
[Round "5"]
[White "Orhan, Zilan"]
[Black "Bochis, Julia"]
[Result "1-0"]
[Termination "normal"]
[Board "23"]
[WhiteElo "1626"]
[BlackElo "1261"]
[PlyCount "49"]
[WhiteFideId "24624640"]
[BlackFideId "24647276"]
[EventCountry "GER"]
[EventRounds "11"]
[EventType "swiss"]
[EventDate "2004.05.29"]

1. e4 e5 2. Nf3 Nf6 3. Nxe5 d6 4. Nf3 Nxe4 5. Bd3 d5 6. h3 Be7 7. O-O Nc6 8.
Re1 Nf6 9. c3 O-O 10. Bc2 h6 11. d4 Bd6 12. Nbd2 Re8 13. Nf1 Be6 14. Ng3 Na5
15. Ne5 b6 16. Nf5 Nb7 17. Qf3 Qc8 18. Bxh6 Bf8 19. Nxg7 Bxg7 20. Qg3 Nh5 21.
Qg5 Kf8 22. Qxh5 Bxh6 23. Qxh6+ Ke7 24. Nc6+ Kd6 25. Ba4 1-0

[Event "DEM U12/U12w 2004"]
[Site "Willingen GER"]
[Date "2004.06.01"]
[Round "5"]
[White "Kaphle, Stephan"]
[Black "Mertens, Pauline"]
[Result "1/2-1/2"]
[Termination "normal"]
[Board "24"]
[WhiteElo "1597"]
[BlackElo "1375"]
[PlyCount "86"]
[WhiteFideId "24629103"]
[BlackFideId "24671959"]
[EventCountry "GER"]
[EventRounds "11"]
[EventType "swiss"]
[EventDate "2004.05.29"]

1. e4 c5 2. Nf3 d6 3. d4 cxd4 4. Nxd4 Nf6 5. Nc3 a6 6. f3 e6 7. Be3 b5 8. Qd2
Bb7 9. O-O-O Nbd7 10. Kb1 d5 11. exd5 Nxd5 12. Nxd5 Bxd5 13. Be2 Be7 14. g4 h6
15. Rhg1 Qc7 16. h3 O-O-O 17. Qe1 Nb6 18. b3 Kb8 19. Rf1 Bb7 20. c3 Nd5 21. Bd2
Bd6 22. Rg1 Rc8 23. Kb2 Rhd8 24. Rc1 Qe7 25. b4 Nb6 26. Rc2 Nc4+ 27. Bxc4 Rxc4
28. Qe3 Rdc8 29. Rgc1 Qh4 30. Rh1 Qg3 31. Be1 Qf4 32. Bf2 Qxe3 33. Bxe3 Be5 34.
Rf1 R4c7 35. Rcc1 Rd7 36. Rc2 Rd6 37. Rd2 f6 38. a3 Rcd8 39. f4 Bxd4 40. Bxd4
Bd5 41. Rfd1 Kb7 42. Re1 R6d7 43. Rde2 Bc4 1/2-1/2

[Event "DEM U12/U12w 2004"]
[Site "Willingen GER"]
[Date "2004.06.01"]
[Round "5"]
[White "Belger, Christian"]
[Black "Simonow, Andrej"]
[Result "1-0"]
[Termination "normal"]
[Board "25"]
[WhiteElo "1581"]
[BlackElo "1370"]
[PlyCount "69"]
[WhiteFideId "24622940"]
[BlackFideId "24637637"]
[EventCountry "GER"]
[EventRounds "11"]
[EventType "swiss"]
[EventDate "2004.05.29"]

1. e4 e6 2. d4 d5 3. exd5 exd5 4. Bd3 Nf6 5. Nf3 Bd6 6. O-O O-O 7. Bg5 Bg4 8.
Nbd2 Nbd7 9. c3 Re8 10. Qc2 c6 11. Bxh7+ Kh8 12. Bd3 Qc7 13. Rae1 c5 14. h3 Be6
15. Qd1 Nh7 16. Bh4 f6 17. Bg6 Re7 18. dxc5 Bxc5 19. Nd4 Bxd4 20. cxd4 Ndf8 21.
Bb1 Rae8 22. Bg3 Qd8 23. Re3 Bd7 24. Rxe7 Qxe7 25. Nf3 Ng5 26. Nxg5 fxg5 27.
Be5 Qf7 28. f4 Bb5 29. Rf2 Kg8 30. fxg5 Qe7 31. g6 Qg5 32. Rf7 Re7 33. Qf3 Nxg6
34. Bxg6 Qxg6 35. Rxe7 1-0

[Event "DEM U12/U12w 2004"]
[Site "Willingen GER"]
[Date "2004.06.01"]
[Round "5"]
[White "Penne, Bo"]
[Black "Hohmann, Louisa"]
[Result "1-0"]
[Termination "normal"]
[Board "26"]
[WhiteElo "1532"]
[BlackElo "1339"]
[PlyCount "75"]
[WhiteFideId "24642193"]
[EventCountry "GER"]
[EventRounds "11"]
[EventType "swiss"]
[EventDate "2004.05.29"]

1. e4 e6 2. d4 d5 3. exd5 exd5 4. Nc3 Nc6 5. Nf3 Nf6 6. Bg5 Be6 7. Ne5 Be7 8.
Bb5 Qd6 9. O-O O-O 10. Bf4 Ng4 11. Bxc6 bxc6 12. Ng6 Qd7 13. Nxf8 Rxf8 14. Qd2
c5 15. dxc5 Bxc5 16. Rad1 c6 17. Na4 Bd6 18. Qd4 Qc7 19. Bg3 Rc8 20. Nc5 Bxg3
21. hxg3 Bf5 22. Rd2 Nf6 23. Re1 Qa5 24. a3 h6 25. Nb3 Qc7 26. Rde2 a6 27. Re7
Qb8 28. Nc5 Qd6 29. Ra7 Bxc2 30. Rxa6 Nd7 31. Nxd7 Qxd7 32. Qc5 Bb3 33. Ra7 Qd8
34. Ree7 Rb8 35. Rxf7 d4 36. Rxg7+ Kh8 37. Rh7+ Kg8 38. Rag7# 1-0

[Event "DEM U12/U12w 2004"]
[Site "Willingen GER"]
[Date "2004.06.01"]
[Round "5"]
[White "Maier, Maximilian"]
[Black "Kohm, Vanessa"]
[Result "1-0"]
[Termination "normal"]
[Board "27"]
[WhiteElo "1510"]
[BlackElo "1315"]
[PlyCount "71"]
[BlackFideId "4674472"]
[EventCountry "GER"]
[EventRounds "11"]
[EventType "swiss"]
[EventDate "2004.05.29"]

1. d4 Nf6 2. c4 e5 3. dxe5 Ng4 4. e4 Nxe5 5. Nc3 Bb4 6. Qc2 O-O 7. Be2 d6 8.
Nf3 Nbc6 9. Be3 Be6 10. b3 Qf6 11. Rc1 Bg4 12. Nxe5 Nxe5 13. f3 Be6 14. O-O c6
15. Rfd1 a6 16. Nb1 Rfd8 17. Bb6 Bc5+ 18. Bxc5 dxc5 19. Nc3 Rxd1+ 20. Rxd1 Rd8
21. Qc1 Rd4 22. f4 Ng4 23. f5 Bxf5 24. exf5 Qxf5 25. Bxg4 Qxg4 26. Re1 h6 27.
Re8+ Kh7 28. Qc2+ g6 29. Ne2 Rd7 30. Qe4 Qg5 31. Qe5 Rd1+ 32. Kf2 Qh4+ 33. Qg3
Qf6+ 34. Qf4 Qg7 35. Re7 g5 36. Qf3 1-0